00706 a2200193 450000100060000002000140000604000220002010000130004224000350005524500300009030000080012036200090012865000240013794200070016195201090016895201090027795201090038699900170049563693 a850080749 cAnchieta - Pituba aVoltaire10aCândido, ou, O otimismolpor10aCândido, ou, O otimismo a1250 a1998 4aFicção francesa cBK 00104070a91.1b91.1d2023-11-21l0o843 V935c VOL CANp17192/PITr2023-11-21 18:32:10w2023-11-21yBK 00104070a91.1b91.1d2023-11-21l0o843 V935c VOL CANp17193/PITr2023-11-21 18:32:10w2023-11-21yBK 00104070a91.1b91.1d2023-11-21l0o843 V935c VOL CANp17194/PITr2023-11-21 18:32:10w2023-11-21yBK c63693d63693